000 00856nam a2200241Ia 4500
003 OSt
005 20250729161442.0
008 191128t1991 ck er 000 j spa d
020 _a9580409498
040 _aCO-JMCR
_cCO-JMCR
041 _aspa
082 0 4 _aC /
_bCARp
100 1 _aCarrasquilla, Tomás,
_eautor
_99719
245 1 3 _aEl padre Casafús y otros cuentos /
_cTomás Carrasquilla
250 _a2a edición
260 _aBogotá :
_bNorma,
_c©1991
300 _a199, 48 páginas ;
_c19 cm.
490 0 _aCara y cruz. Literatura
500 _aCon: A propósito de Carrasquilla y su obra
505 _aEl padre Casafús -- Simón el mago -- San antoñito -- Fulgor de un instante -- El gran premio -- En la diestra de Dios padre -- Autobiografía
650 0 4 _aCrítica e interpretación de novelas colombianas
_99720
942 _2ddc
_cBK
999 _c4539
_d4539